| 000 | 01101nam a2200265 a 4500 | ||
|---|---|---|---|
| 001 | 84128 | ||
| 003 | BD-RjUL | ||
| 005 | 20241020114426.0 | ||
| 008 | 241020s2019 bg a|||| m||| 00| 0 eng d | ||
| 035 | _a(BD-RjUL)84128 | ||
| 040 |
_aBD-RjUL _beng _cBD-RjUL _dBD-RjUL |
||
| 041 | _aeng | ||
| 082 |
_223 _a515.24 _bALP 2019 |
||
| 100 |
_aAli, Md. Azgor _913843 |
||
| 245 | 1 | 0 |
_aPrevalence of Nephropathy in Type 2 ARBs Orace Inhibitors on its Progression / _cBy Md. Azgor Ali ; _6Principal Supervisor : Mamunur Rashid, Co-Supervisor : Md. Habibur Rahman, Co-Supervisor : Mamun Ur Rashid |
| 260 |
_aRajshahi : _bInstitute of Biological Sciences, University of Rajshahi, _c2019 |
||
| 300 |
_axv, 75 Leaves : _bill, ; _c29 cm. |
||
| 502 | _aThesis (Ph. D.) -- Institute of Biological Sciences, University of Rajshahi, 2019 | ||
| 504 | _aReferences : Leaves 51-67 | ||
| 650 |
_aPrevalence _vProgression _913844 |
||
| 700 |
_aRashid, Mamunur, Principal Supervisor _913845 |
||
| 700 |
_aRahman, Md. Habibur, Co-Supervisor _910224 |
||
| 700 |
_aRashid, Mamun Ur, Co-Supervisor _913846 |
||
| 942 |
_2ddc _cTHE |
||
| 999 |
_c84128 _d84128 |
||